[Event "Catalunya-chT Gp2"]
[Site "Barcelona"]
[Date "2016.02.13"]
[Round "4.3"]
[White "Colon Garcia, Enrique"]
[Black "Codenotti, Marco"]
[Result "0-1"]
[WhiteElo "2303"]
[BlackElo "2406"]
[PlyCount "74"]
[EventDate "2016.01.23"]
[EventType "team-tourn"]
[EventRounds "7"]
[EventCountry "ESP"]
[SourceTitle "EXT 2017"]
[Source "ChessBase"]
[SourceDate "2016.10.25"]
[SourceVersion "1"]
[SourceVersionDate "2016.10.25"]
[SourceQuality "1"]
[WhiteTeam "Colon Sabadell"]
[BlackTeam "Mollet"]
[WhiteTeamCountry "ESP"]
[BlackTeamCountry "ESP"]

1. Nf3 d5 2. d4 Nf6 3. c4 c6 4. e3 Bg4 5. Nc3 e6 6. h3 Bh5 7. g4 Bg6 8. Ne5 Nbd7 9. Nxg6 hxg6 10. cxd5 exd5 11. Bg2 Bd6 12. Bd2 Qe7 13. Qc2 Nb6 14. 0-0-0 Nc4 15. Kb1 Nxd2+ 16. Rxd2 Bb4 17. Rd3 g5 18. a3 Bxc3 19. Rxc3 0-0-0 20. Rc1 Kb8 21. a4 Ne4 22. Rb3 Rc8 23. f3 Nd6 24. e4 f6 25. Qf2 Rhe8 26. Re1 Qc7 27. h4 gxh4 28. e5 fxe5 29. dxe5 Nc4 30. f4 g5 31. fxg5 Rxe5 32. Rf3 Rxg5 33. Rf7 Qg3 34. Qxg3+ hxg3 35. Ree7 Nd6 36. Rh7 Rxg4 37. Rd7 Rg6 0-1

[Event "Gibraltar Masters 14th"]
[Site "Caleta"]
[Date "2016.02.02"]
[Round "8"]
[White "Codenotti, Marco"]
[Black "Ganguly, Surya Shekhar"]
[Result "0-1"]
[WhiteElo "2406"]
[BlackElo "2660"]
[PlyCount "60"]
[EventDate "2016.01.26"]
[EventType "swiss"]
[EventRounds "10"]
[EventCountry "GGB"]
[SourceTitle "CBM 171"]
[Source "ChessBase"]
[SourceDate "2016.03.14"]
[SourceVersion "2"]
[SourceVersionDate "2016.03.14"]
[SourceQuality "1"]

1. e4 c5 2. Nf3 e6 3. c3 Nf6 4. e5 Nd5 5. Bc4 b6 6. Bxd5 exd5 7. d4 d6 8. 0-0 Be7 9. exd6 Qxd6 10. Bg5 f6 11. Be3 Bg4 12. Qa4+ Qc6 13. Qxc6+ Nxc6 14. Nbd2 g5 15. c4 cxd4 16. Nxd4 Nxd4 17. Bxd4 Rd8 18. Rae1 Kf7 19. f4 Bb4 20. fxg5 Bxd2 21. g6+ Kxg6 22. Rxf6+ Kh5 23. Re5+ Bg5 24. h3 Rhe8 25. hxg4+ Kxg4 26. Rc6 Rxe5 27. Bxe5 Re8 28. Bc3 Be3+ 29. Kf1 d4 30. Bb4 a5 0-1

[Event "Gibraltar Masters 14th"]
[Site "Caleta"]
[Date "2016.02.01"]
[Round "7"]
[White "Erdos, Viktor"]
[Black "Codenotti, Marco"]
[Result "1/2-1/2"]
[WhiteElo "2613"]
[BlackElo "2406"]
[PlyCount "155"]
[EventDate "2016.01.26"]
[EventType "swiss"]
[EventRounds "10"]
[EventCountry "GGB"]
[SourceTitle "CBM 171"]
[Source "ChessBase"]
[SourceDate "2016.03.14"]
[SourceVersion "2"]
[SourceVersionDate "2016.03.14"]
[SourceQuality "1"]

1. d4 d5 2. c4 c6 3. e3 Nf6 4. Nc3 g6 5. Nf3 Bg7 6. Be2 0-0 7. 0-0 Bg4 8. cxd5 cxd5 9. Qb3 b6 10. h3 Bc8 11. Ne5 Bb7 12. Bd2 Nc6 13. Nxc6 Bxc6 14. Rfc1 Qd7 15. Ba6 e6 16. a4 Rfb8 17. Ne2 b5 18. a5 b4 19. Nf4 Bf8 20. Nd3 Bb5 21. Ne5 Qd6 22. Bxb5 Rxb5 23. Qa4 a6 24. Rc6 Qb8 25. b3 Ne4 26. Be1 Bd6 27. Nd3 Qb7 28. Rac1 Rd8 29. R6c2 Rb8 30. g3 h5 31. Kg2 Kh7 32. Rc6 Rd8 33. Rb6 Rxb6 34. axb6 Qxb6 35. Rc6 Qb5 36. Qxa6 Qxa6 37. Rxa6 Rc8 38. Ra2 Nc3 39. Rc2 f6 40. Kf1 Rc7 41. Bxc3 bxc3 42. Nc1 Ba3 43. Na2 Bb2 44. Ke2 Rb7 45. b4 g5 46. Kd3 Kg6 47. Re2 Kf5 48. f3 g4 49. fxg4+ hxg4 50. Rf2+ Kg6 51. hxg4 Kg5 52. Kc2 Ra7 53. Nxc3 Bxc3 54. Kxc3 Ra3+ 55. Kb2 Rxe3 56. b5 Rxg3 57. b6 Rh3 58. Re2 f5 59. gxf5 exf5 60. b7 Rh8 61. Kc3 Rb8 62. Re7 Kf6 63. Rh7 f4 64. Kd3 Ke6 65. Ke2 Kd6 66. Kf3 Kc6 67. Kxf4 Rxb7 68. Rh6+ Kd7 69. Ke5 Rb5 70. Rh7+ Kc8 71. Kd6 Rb6+ 72. Kc5 Rg6 73. Rh5 Kd7 74. Rxd5+ Kc7 75. Rh5 Kd7 76. d5 Kd8 77. d6 Rg1 78. Rh8+ 1/2-1/2

[Event "Gibraltar Masters 14th"]
[Site "Caleta"]
[Date "2016.01.31"]
[Round "6"]
[White "Codenotti, Marco"]
[Black "Cordes, Hans Joerg"]
[Result "1-0"]
[WhiteElo "2406"]
[BlackElo "2257"]
[PlyCount "45"]
[EventDate "2016.01.26"]
[EventType "swiss"]
[EventRounds "10"]
[EventCountry "GGB"]
[SourceTitle "CBM 171"]
[Source "ChessBase"]
[SourceDate "2016.03.14"]
[SourceVersion "2"]
[SourceVersionDate "2016.03.14"]
[SourceQuality "1"]

1. e4 e6 2. d4 d5 3. Nd2 Be7 4. Bd3 c5 5. dxc5 Nf6 6. Qe2 a5 7. Ngf3 0-0 8. 0-0 Na6 9. e5 Nd7 10. c4 Naxc5 11. Bc2 Nb6 12. Rd1 Qc7 13. cxd5 Nxd5 14. Ne4 Nb4 15. Bb1 Rd8 16. Rxd8+ Qxd8 17. Nxc5 Bxc5 18. Bxh7+ Kxh7 19. Ng5+ Kg8 20. Qh5 Qe8 21. Qh7+ Kf8 22. Ne4 b6 23. Bg5 1-0

[Event "Padova op-A 18th"]
[Site "Padova"]
[Date "2015.12.17"]
[Round "6.13"]
[White "Codenotti, Marco"]
[Black "Rossi, Carlo"]
[Result "1/2-1/2"]
[WhiteElo "2405"]
[BlackElo "2284"]
[PlyCount "92"]
[EventDate "2015.12.13"]
[EventType "swiss"]
[EventRounds "9"]
[EventCountry "ITA"]
[SourceTitle "EXT 2024"]
[Source "ChessBase"]
[SourceDate "2023.10.10"]
[SourceVersion "1"]
[SourceVersionDate "2023.10.10"]
[SourceQuality "1"]

1. e4 e6 2. d4 d5 3. Nd2 Nf6 4. e5 Nfd7 5. Bd3 c5 6. c3 b6 7. Ngf3 Ba6 8. Bxa6 Nxa6 9. 0-0 Be7 10. Ne1 cxd4 11. cxd4 Nb4 12. Qg4 g6 13. Ndf3 h5 14. Qg3 Rc8 15. Bg5 Rc4 16. Bxe7 Qxe7 17. Qf4 Kf8 18. a3 Nc6 19. b3 Rc3 20. Qd2 Rxb3 21. Qc2 Na5 22. Nd2 Rb5 23. Nd3 Nc4 24. Nxc4 dxc4 25. Qxc4 Ra5 26. Nb4 Kg7 27. Qc7 Qe8 28. Rfe1 Qc8 29. Qd6 Nb8 30. d5 Re8 31. dxe6 Rxe6 32. Qd4 Nc6 33. Nxc6 Qxc6 34. Rac1 Rc5 35. Rxc5 Qxc5 36. Qxc5 bxc5 37. f4 Ra6 38. Re3 Kf8 39. Rc3 Ra5 40. Kf2 Ke7 41. Ke3 Ke6 42. g3 Kf5 43. Kd3 Ra4 44. Rxc5 Rxa3+ 45. Ke2 Ra2+ 46. Kf3 Ra3+ 1/2-1/2

[Event "Padova op 18th"]
[Site "Padova"]
[Date "2015.12.15"]
[Round "3"]
[White "Codenotti, Marco"]
[Black "Vovk, Yuri"]
[Result "0-1"]
[WhiteElo "2405"]
[BlackElo "2626"]
[PlyCount "128"]
[EventDate "2015.12.13"]
[EventType "swiss"]
[EventRounds "9"]
[EventCountry "ITA"]
[SourceTitle "EXT 2017"]
[Source "ChessBase"]
[SourceDate "2016.10.25"]
[SourceVersion "1"]
[SourceVersionDate "2016.10.25"]
[SourceQuality "1"]

1. e4 c5 2. c3 Nf6 3. e5 Nd5 4. Nf3 e6 5. Bc4 d6 6. d4 cxd4 7. cxd4 Nc6 8. 0-0 Be7 9. Bd2 0-0 10. Nc3 Nb6 11. Bb3 dxe5 12. dxe5 Nd7 13. Bf4 Nc5 14. Bc4 a6 15. Qxd8 Rxd8 16. Rfd1 b5 17. Rxd8+ Bxd8 18. Be2 b4 19. Nd1 Bb7 20. Ne3 a5 21. Nc4 Ba6 22. Be3 Nd7 23. Bf4 h6 24. h4 Ne7 25. h5 Nd5 26. Bh2 Bc7 27. Kf1 Rb8 28. Ncd2 Bxe2+ 29. Kxe2 b3 30. axb3 Nc5 31. Nd4 Rb4 32. Nc6 Rh4 33. Bg3 Rxh5 34. Rc1 Na6 35. Nc4 Nab4 36. N4xa5 Bxa5 37. Nxa5 Ne7 38. f4 g5 39. Nc4 Nf5 40. Be1 Nd4+ 41. Ke3 Nxb3 42. Rd1 Nd5+ 43. Kf3 Rh1 44. fxg5 hxg5 45. Ne3 Ne7 46. Bb4 Rxd1 47. Nxd1 Nd5 48. Bd6 Kg7 49. Nc3 Nf4 50. Kg4 Nxg2 51. Kxg5 Ne1 52. Ne4 Nd3 53. Nf6 Nxb2 54. Nh5+ Kg8 55. Kf6 Nd3 56. Ng3 Nd2 57. Nh5 Nf3 58. Ke7 Nfxe5 59. Bxe5 Nxe5 60. Kf6 Ng6 61. Ng7 Nf4 62. Ne8 Kf8 63. Nd6 Nd5+ 64. Ke5 Ke7 0-1

[Event "Padova op 18th"]
[Site "Padova"]
[Date "2015.12.14"]
[Round "2"]
[White "Zhigalko, Andrey"]
[Black "Codenotti, Marco"]
[Result "1/2-1/2"]
[WhiteElo "2585"]
[BlackElo "2405"]
[PlyCount "54"]
[EventDate "2015.12.13"]
[EventType "swiss"]
[EventRounds "9"]
[EventCountry "ITA"]
[SourceTitle "EXT 2017"]
[Source "ChessBase"]
[SourceDate "2016.10.25"]
[SourceVersion "1"]
[SourceVersionDate "2016.10.25"]
[SourceQuality "1"]

1. Nf3 d5 2. c4 c6 3. e3 Nf6 4. Nc3 g6 5. d4 Bg7 6. Be2 0-0 7. 0-0 Bg4 8. h3 Bxf3 9. Bxf3 e6 10. Qe2 Nbd7 11. Rd1 Re8 12. a4 a5 13. Rb1 dxc4 14. e4 Qe7 15. Qxc4 e5 16. d5 Qb4 17. Qa2 Nc5 18. Bd2 Nb3 19. Be1 Nd4 20. Rd3 Qb6 21. dxc6 bxc6 22. Ne2 Nxe4 23. b4 Nxf3+ 24. Rxf3 Ng5 25. Rg3 Ne6 26. bxa5 Qc5 27. Rc1 Qd5 1/2-1/2